Estadísticas para Ciudades que han sido la Sede de los Juegos Olímpicos de Verano

Haz click aquí para tomar la prueba!

Estadísticas generales

  • Esta prueba ha sido tomada 2,938 veces
    (2,935 desde el último reinicio)
  • La puntuación promedio es 17 de 23

Estadísticas de respuestas

Años Ciudad % Correcto
1908, 1948, 2012Londres
97%
2016Rio de Janeiro
96%
2008Pekín
95%
1896, 2004Atenas
95%
1992Barcelona
94%
1900, 1924, 2024París
93%
1964, 2020Tokio
93%
1936Berlín
92%
1980Moscú
89%
1960Roma
87%
2000Sidney
85%
1932, 1984, 2028Los Angeles
83%
1996Atlanta
78%
1988Seúl
75%
1968Ciudad de México
69%
1972Múnich
66%
1912Estocolmo
59%
1928Ámsterdam
58%
1952Helsinki
51%
1976Montreal
50%
1956Melbourne
35%
1904St. Louis
31%
1920Amberes
30%

Distribución de puntuación

Porcentaje por número respondido

Porcentaje de gente con cada puntuación

Historial de tus puntuaciones

No has tomado esta prueba desde el último reinicio